Countries Most Similar To Eswatini - Statistics

General Stats
  • This quiz has been taken 28 times
  • The average score is 17 of 20
Answer Stats
Rank Country Score % Correct
20 Angola 65.9
100%
1 Lesotho 78.5
100%
13 Mozambique 68.5
100%
6 Namibia 71.9
100%
8 South Africa 70.8
100%
3 Zambia 75.1
100%
2 Zimbabwe 78.5
100%
4 Botswana 72.9
94%
5 Malawi 72.6
94%
10 Tanzania 70
94%
15 Burundi 67.4
88%
7 Kenya 70.9
88%
11 Rwanda 69.2
88%
9 Uganda 70.7
81%
12 Ghana 69.1
75%
14 Nigeria 67.7
75%
17 DRC 66.6
69%
16 Cameroon 67.1
63%
19 Ivory Coast 65.9
50%
18 Liberia 66.2
50%
No matching quizzes found
Score Distribution
Percent of People with Each Score
Percentile by Number Answered
Your Score History
You have not taken this quiz